Concise atlas of the world:digital mapping for the 21st century. Maps, Facts, Terrain Models, Pictures
Saved in:
| Main Author: | |
|---|---|
| Format: | Book |
| Language: | English |
| Published: |
London;
Dorling kindersley Limited (DK) ;
2008.
|
| Subjects: | |
| Online Access: | Visit NHRC Library |
| Tags: |
Add Tag
No Tags, Be the first to tag this record!
|
| LEADER | 00957nam a22002777a 4500 | ||
|---|---|---|---|
| 003 | OSt | ||
| 005 | 20220906184638.0 | ||
| 008 | 140623b xxu||||| |||| 00| 0 eng d | ||
| 020 | |a 9781405328012 | ||
| 037 | |b Purchase | ||
| 040 | |c 0 | ||
| 041 | |a Eng. | ||
| 082 | |a 912 | ||
| 100 | |a Wolter,Debra |9 2410 | ||
| 245 | |a Concise atlas of the world:digital mapping for the 21st century. |b Maps, Facts, Terrain Models, Pictures | ||
| 260 | |a London; |b Dorling kindersley Limited (DK) ; |c 2008. | ||
| 300 | |a 350 p .: maps ; | ||
| 650 | |9 297 |a Solar system | ||
| 650 | |a Physical world |9 2411 | ||
| 650 | |a Oceans global climate |9 2412 | ||
| 650 | |a Population sattlement in North America |9 2413 | ||
| 651 | |a Asia |9 2414 | ||
| 856 | |u http://nhrc.org.np/contact |y Visit NHRC Library | ||
| 942 | |2 ddc |c BK | ||
| 952 | |0 0 |1 0 |2 NLM |4 0 |6 912_000000000000000_WOL_2008 |7 0 |9 2046 |a NHRC |b NHRC |d 2014-09-01 |l 0 |o 912/WOL/2008 |p 000912 |r 2014-09-01 |w 2014-09-01 |y BK | ||
| 999 | |c 1982 |d 1982 | ||